| 000 | 00468nam a22001817a 4500 | ||
|---|---|---|---|
| 003 | LK-CoDNM | ||
| 005 | 20250124140925.0 | ||
| 008 | 250124b |||||||| |||| 00| 0 eng d | ||
| 040 |
_aLK-CoDNM _dLK-CoDNM _eLK-CoDNM |
||
| 041 | _aeng | ||
| 080 |
_a13 _bF13 |
||
| 100 | _aShull Franklin A. | ||
| 245 | _aEvolution | ||
| 260 |
_aNew York and London _bMc Graw Hill Book Company, Inc. _c1936 |
||
| 300 | _ax, 312p. : ill ; 23 cm | ||
| 650 | _aAnimals | ||
| 942 | _cBK | ||
| 999 |
_c237408 _d237408 |
||